• 首页
  • 本馆介绍
  • 公告通知
  • 最新文献
  • 馆藏检索
  • 电子资源
  • 读者导购
  • 参考咨询
  • 我的图书馆
  • 登录
  • 详细信息显示
  • 放入我的书架
  • 预约/预借图书
  • 作者相关作品
  • 分类相关作品
  • 丛书相关作品
  • 出版社相关作品

书目信息

  • 表格格式
  • 工作单格式
  • 卡片格式
题名:
中国民族管乐艺术研究
    
 
作者: 牟楠, 著
分册:  
出版信息: 北京   中国戏剧出版社  2019.8
页数: 199页
开本: 24cm
丛书名:
单 册:
中图分类: J632.1
科图分类:
主题词: 民族管乐器--研究--中国
电子资源:
ISBN: 978-7-104-04828-2
000 01122nam0 2200265 45
001 012001001121
005 20130910150822.0
010    @a978-7-104-04828-2@dCNY58.00
099    @aCAL 012019134313
100    @a20190828d2019 em y0chiy0110 ea
101 0  @achi
102    @aCN@b110000
105    @ay a 000yy
106    @ar
200 1  @a中国民族管乐艺术研究@Azhong guo min zu guan yue yi shu yan jiu@f牟楠著
210    @a北京@c中国戏剧出版社@d2019.8
215    @a199页@d24cm
314    @a牟楠, 山东艺术学院音乐学院副教授。
320    @a有书目
330    @a本书是一部研究中国民族管乐的专著。全书对于中国民族管乐艺术在概念界定、分类、代表作品、时代与地域特色、音乐的渗透, 乃至西方文化对中国管乐艺术的影响、20世纪中国管乐艺术所取得的成就方面, 进行了系统介绍。并力图通过这些内容的阐述探讨, 为中国民族管乐艺术的教学、传播、发展提供一些有建设性和可行的建议。读者还可以借本书了解中国民族管乐艺术创作和演奏, 研究和领略中国民族管乐的艺术风格。
606 0  @a民族管乐器@x研究@y中国
690    @aJ632.1@v5
701  0 @a牟楠,@Amu nan@f1970-@4著
801    @aCN@b江苏凤凰@c20211018
905    @b1342279-82@dJ632.1@e186@f4
    
    中国民族管乐艺术研究/牟楠著.-北京:中国戏剧出版社,2019.8
    199页;24cm
    
    
    ISBN 978-7-104-04828-2:CNY58.00
    本书是一部研究中国民族管乐的专著。全书对于中国民族管乐艺术在概念界定、分类、代表作品、时代与地域特色、音乐的渗透, 乃至西方文化对中国管乐艺术的影响、20世纪中国管乐艺术所取得的成就方面, 进行了系统介绍。并力图通过这些内容的阐述探讨, 为中国民族管乐艺术的教学、传播、发展提供一些有建设性和可行的建议。读者还可以借本书了解中国民族管乐艺术创作和演奏, 研究和领略中国民族管乐的艺术风格。
●
相关链接 在E读中查询图书 在五车中查询图书 在当当中查询图书 在豆瓣中查询图书


正题名:中国民族管乐艺术研究     索取号:J632.1/186         预约/预借

序号 登录号 条形码 馆藏地/架位号 状态 备注
1 1342279   213422795   第一样本阅览室/ [索取号:J632.1/186] 在馆    
2 1342280   213422802   第一借阅区/ [索取号:J632.1/186] 在馆    
3 1342281   213422811   第一借阅区/ [索取号:J632.1/186] 在馆    
4 1342282   213422820   第一借阅区/ [索取号:J632.1/186] 在馆    
唐山师范学院图书馆 欢迎您!
大连网信软件有限公司© 版权所有